000 00770nam a2200241 i 4500
001 10218
003 ES-MaACL
005 20230906145836.0
007 t|
008 950322s1993 sp ||||1| spa d
020 _a84-368-0756-1
080 _a330.115
100 1 _aPulido San Román, Antonio.
_994380
245 1 0 _aAnálisis input-output
_b: modelos, datos y aplicaciones /
_cAntonio Pulido, Emilio Fontela.
260 _aMadrid :
_bPirámide,
_cD.L. 1993.
300 _a286 p. ;
_c23 cm.
490 1 _aEconomía y administración de empresas
650 1 4 _aTablas input-output.
_917275
700 1 _aFontela, Emilio.
_951638
830 0 _aEconomía y administración de empresas
_9178282
852 _aES-MaACL
_jL-17628
_bR.123221
999 _c10218
_d10218